Open Data Biblioteca Nacional de Portugal


República Portuguesa: Ministério da Cultura
Biblioteca Nacional de Portugal

Catálogo da BNP: acesso por Identificadores Unívocos
Registos Bibliográficos associados ao registo de autoridade

Etiqueta de registo: 00230nam 2200025 450
001 1781771
003 http://id.bnportugal.gov.pt/bib/catbnp/1781771
010 ## $a978-989-8389-41-1
021 ## $aPT$b312564/10
100 ## $a20110602d2010 m y0pory0103 ba
101 0# $apor
102 ## $aPT
105 ## $ay z 000ay
106 ## $ar
200 1# $aMomentos quase (im)perfeitos$fClaudina Brito
205 ## $a1ª ed
210 #9 $aLisboa$cChiado Editora,$d2010
215 ## $a144 p.$d21 cm
225 2# $aViagens na ficção
675 ## $a821.134.3-31"19/20"$vBN$zpor$31367889
700 #1 $aBrito,$bClaudina,$f1964-$31462272
801 #0 $aPT$bBN$gRPC
900 ## $aBIBNAC$d20120125
966 ## $lBN$mFGMON$sL. 110058 V.$x1
966 ## $lBN$mFGMON$sL. 110058 V.-D$x1

Etiqueta de registo: 00254nam 2200025 450
001 2286471
003 http://id.bnportugal.gov.pt/bib/catbnp/2286471
010 ## $a978-989-36455-1-2
021 ## $aPT$b560257/26
100 ## $a20260518d2026 c y0pory01030103ba
101 0# $apor
102 ## $aPT
105 ## $aa z 000fy
106 ## $ar
200 1# $aRaquel e o mundo$fClaudina Brito$gil. Elisabete Fiel
210 #9 $a[S.l.]$cSolíd-Story$dD.L. 2026
215 ## $a[24] p.$cil.$d21 cm
700 #1 $aBrito,$bClaudina,$f1964-$31462272
702 #1 $aFiel,$bElisabete$4440$3809878
801 #0 $aPT$bBN$gRPC
966 ## $lBN$mFGMON$x1
966 ## $lBN$mFGMON$x1
971 ## $cisantos$d20260518

Etiqueta de registo: 00000nam 2200025 450
001 1885006
003 http://id.bnportugal.gov.pt/bib/catbnp/1885006
010 ## $a978-989-697-727-6
021 ## $aPT$b345663/12
100 ## $a20141001d2012 m y0pory01030103ba
101 0# $apor
102 ## $aPT
105 ## $ay z 000ay
106 ## $ar
200 1# $a A herdade da Julinha$fClaudina Brito
205 ## $a1ª ed
210 #9 $a[Lisboa]$cChiado Editora,$d2012
215 ## $a146 p.$d22 cm
225 2# $aViagens na ficção
675 ## $a821.134.3-31"19/20"$vBN$zpor$31367889
700 #1 $aBrito,$bClaudina,$f1964-$31462272
801 #0 $aPT$bBN$gRPC
856 41 $uhttp://rnod.bnportugal.gov.pt/ImagesBN/winlibimg.aspx?skey=&doc=1885006&img=49021&save=true
900 ## $aBIBNAC$d20141014
966 ## $lBN$mFGMON$sL. 125164 V.$x1
966 ## $lBN$mFGMON$sL. 125164 V.-D$x1

Etiqueta de registo: 00254nam 2200025 450
001 2154019
003 http://id.bnportugal.gov.pt/bib/catbnp/2154019
010 ## $a978-989-53828-6-6
021 ## $aPT$b511927/23
100 ## $a20240124d2023 cd y0pory01030103ba
101 0# $apor
102 ## $aPT
105 ## $aa z 000fy
106 ## $ar
200 1# $aLuzinha$fClaudina Brito$gil. Marta Sequeira
205 ## $a1ª ed
210 #9 $aLisboa$cQuadrinhos,$d2023
215 ## $a41, [5] p.$cil.$d22 cm
675 ## $a087.5$vBN$zpor$3287999
675 ## $a821.134.3-93"20"$vBN$zpor$31046482
700 #1 $aBrito,$bClaudina,$f1964-$31462272
702 #1 $aSequeira,$bMarta,$f1976-$4440$31860625
801 #0 $aPT$bBN$gRPC
856 41 $uhttp://rnod.bnportugal.gov.pt/ImagesBN/winlibimg.aspx?skey=&doc=2154019&img=188266&save=true
900 ## $aBIBNAC$d20240227
966 ## $lBN$mFGMON$sP. 65222 V.$x1
966 ## $lBN$mFGMON$sP. 65222 V.-D$x1
971 ## $cssilva$d20240124
972 ## $e0$z0$d20240227$vmsebas
973 ## $canasil$d20240125

Etiqueta de registo: 00254nam 2200025 450
001 2200590
003 http://id.bnportugal.gov.pt/bib/catbnp/2200590
010 ## $a978-989-35348-3-0
021 ## $aPT$b529135/24
100 ## $a20241219d2024 cd y0pory01030103ba
101 0# $apor
102 ## $aPT
105 ## $aa z 000fy
106 ## $ar
200 1# $aDiniz, caçador de sonhos$fClaudina Brito$gil. Marta Sequeira
205 ## $a1ª ed
210 #9 $aLisboa$cQuadrinhos,$d2024
215 ## $a29, [3] p.$cil.$d22 cm
675 ## $a087.5$vBN$zpor$3287999
675 ## $a821.134.3-93"20"$vBN$zpor$31046482
700 #1 $aBrito,$bClaudina,$f1964-$31462272
701 #1 $aSequeira,$bMarta,$f1976-$4440$31860625
801 #0 $aPT$bBN$gRPC
856 41 $uhttp://rnod.bnportugal.gov.pt/ImagesBN/winlibimg.aspx?skey=&doc=2200590&img=203056&save=true
900 ## $aBIBNAC$d20250114
966 ## $lBN$mFGMON$sP. 68553 V.$x1
966 ## $lBN$mFGMON$sP. 68553 V.-D$x1
971 ## $ccsilva$d20241219
972 ## $e0$z0$d20250114$viquintas
973 ## $cigoulao$d20241230

Etiqueta de registo: 00254nam 2200025 450
001 2207309
003 http://id.bnportugal.gov.pt/bib/catbnp/2207309
010 ## $a978-989-33-6923-4
021 ## $aPT$b540050/24
100 ## $a20250310d2024 cd y0pory01030103ba
101 0# $apor
102 ## $aPT
105 ## $aa z 000fy
106 ## $ar
200 1# $aCaminhos d'alma$fClaudina Brito$gcoord. Luísa Currito
210 #9 $a[S.l.]$cClaudina Brito,$d2024
215 ## $a124 p.$cil.$d22 cm
532 13 $aCaminhos da alma
675 ## $a821.134.3-34"19/20"$vBN$zpor$31120541
700 #1 $aBrito,$bClaudina,$f1964-$31462272
702 #1 $aCurrito,$bLuísa,$f1971-$4340$31666660
801 #0 $aPT$bBN$gRPC
856 41 $uhttp://rnod.bnportugal.gov.pt/ImagesBN/winlibimg.aspx?skey=&doc=2207309&img=206249&save=true
900 ## $aBIBNAC$d20250401
966 ## $lBN$mFGMON$sL. 176024 V.$x1
966 ## $lBN$mFGMON$sL. 176024 V.-D$x1
971 ## $cisantos$d20250310
972 ## $e0$z0$d20250401$vlrevez
973 ## $cigoulao$d20250328
975 ## $e0$d20250423$viraminhos

Etiqueta de registo: 00254nam 2200025 450
001 2228988
003 http://id.bnportugal.gov.pt/bib/catbnp/2228988
010 ## $a978-989-33-8308-7
021 ## $aPT$b552577/25
100 ## $a20251017d2025 c y0pory01030103ba
101 0# $apor
102 ## $aPT
105 ## $aa z 000fy
106 ## $ar
200 1# $aAninhas e Joãozinho$e uma história para colorir$fClaudina Brito$gil. Marta Sequeira
210 #9 $a[S.l.]$cSolíd-Story$dD.L. 2025
215 ## $a[24] p.$cil.$d21 cm
675 ## $a087.5$vBN$zpor$3287999
675 ## $a821.134.3-93"19/20!"$vBN$zpor$31970968
700 #1 $aBrito,$bClaudina,$f1964-$31462272
701 #1 $aSequeira,$bMarta,$f1976-$4440$31860625
801 #0 $aPT$bBN$gRPC
856 41 $uhttp://rnod.bnportugal.gov.pt/ImagesBN/winlibimg.aspx?skey=&doc=2228988&img=214444&save=true
900 ## $aBIBNAC$d20251111
966 ## $lBN$mFGMON$sP. 71140 V.$x1
966 ## $lBN$mFGMON$sP. 71140 V.-D$x1
971 ## $cisantos$d20251017
973 ## $caalmeid$d20251103
975 ## $e0$d20251111$viquintas

OpendataBNP@bnportugal.pt | Mais informação sobre acesso aos dados BNP